| 000 | 00856nam a2200241Ia 4500 | ||
|---|---|---|---|
| 008 | 0000001946 usad 0000000000eng00 | ||
| 090 | _aPSP00 J15p | ||
| 100 | 1 | _aJanis, Harriet | |
| 245 | 1 | 0 |
_aPicasso _b: the recent years, 19391946 _c/ Harriet and Sidney Janis |
| 260 |
_aNew York : _c1946 _bDoubleday & Company, |
||
| 300 |
_a211 p. _c/ 28 cm. |
||
| 500 | _aDonación se la Sra. Gala Filkestein, mayo 2012 | ||
| 600 | 0 | 0 |
_a PICASSO, PABLO, 18811973 CRITICA E INTERPRETACION \ PICASSO, PABLO, 18811973/ _xTRABAJOS PICTORICOS |
| 650 | 1 | 4 | _a PINTURA ESPAÑOLA |
| 650 | 1 | 4 | _aARTE CONTEMPORANEO ESPAÑOL CRITICA E INTERPRETACION |
| 650 | 1 | 4 | _aCUBISMO (ARTE) |
| 650 | 1 | 4 | _aHISTORIA Y CRITICA |
| 650 | 1 | 4 | _aHISTORIA Y CRITICA |
| 650 | 1 | 4 | _aPINTURA ESPAÑOLA |
| 650 | 1 | 4 | _aSIGLO XX |
| 700 | 1 | _aJanis, Sidney | |
| 942 | _2ddc | ||
| 999 |
_c13977 _d13977 |
||